000
00294nam a2200109Ia 4500
008
220204s9999 xx 000 0 und d
082
_a
61:613(614)
_b
BHA
100
_a
Bhagwan Dash
245
0
_a
Ayurveda for healthy living: Indian system of medicine
260
_a
Delhi
_b
Hind
_c
1977
942
_c
BK
999
_c
29097
_d
29097